Qui est son père ? - Statistiques

Statistiques générales
  • Ce quiz a été pris 52 fois
  • Le résultat moyen est 12 sur 20
Statistiques - réponses
Par images Réponse % Correct
Johnny Depp
88%
Bob Marley
84%
Serge Gainsbourg
80%
Will Smith
80%
Nicolas Sarkozy
78%
Johnny Hallyday
73%
Jacques Dutronc
71%
Yannick Noah
67%
Louis Chedid
61%
Lilian Thuram
59%
Julio Iglesias
55%
Kirk Douglas
53%
Donald Trump
51%
Kim Jong-un
51%
Cristiano Ronaldo
49%
Prince William
49%
Gérard Depardieu
41%
Donald Sutherland
31%
Lenny Kravitz
29%
Michael Jackson
18%
Aucun quiz correspondant
Distribution des résultats
% des personnes avec chaque résultat
Percentile par nombre de réponses
Votre historique - résultats
Vous n’avez pas pris ce quiz